00450nam a2200169Ia 4500003000400000005001700004008004100021020001500062040000700077041000800084082002300092100002200115245006500137260004700202300001700249365001400266OSt20230329144657.0210423s2010 xx 000 0 und d a8130903989 cAL aeng a547.056 223bHARJ aHARTWIG (John F). aOrganotransition metal chemistry: from bonding to cataiysis. aCaliforniabUniversity Science Booksc2010 axxx,1127bPB b6644cINR